Soil genesis and classification / (Record no. 32516)

MARC details
000 -LEADER
fixed length control field 01234cam a2200349 a 4500
001 - CONTROL NUMBER
control field 16737511
003 - CONTROL NUMBER IDENTIFIER
control field OSt
005 - DATE AND TIME OF LATEST TRANSACTION
control field 20220310110706.0
008 - FIXED-LENGTH DATA ELEMENTS--GENERAL INFORMATION
fixed length control field 110415s2011 enkabf b 001 0 eng
010 ## - LIBRARY OF CONGRESS CONTROL NUMBER
LC control number 2011012321
015 ## - NATIONAL BIBLIOGRAPHY NUMBER
National bibliography number GBB159175
Source bnb
016 7# - NATIONAL BIBLIOGRAPHIC AGENCY CONTROL NUMBER
Record control number 015808995
Source Uk
020 ## - INTERNATIONAL STANDARD BOOK NUMBER
International Standard Book Number 9780813807690 (hardcover : alk. paper)
020 ## - INTERNATIONAL STANDARD BOOK NUMBER
International Standard Book Number 0813807697 (hardcover : alk. paper)
035 ## - SYSTEM CONTROL NUMBER
System control number (OCoLC)ocn717293221
040 ## - CATALOGING SOURCE
Original cataloging agency DLC
Transcribing agency HU
Modifying agency YDX
-- YDXCP
-- UKMGB
-- CDX
-- UAF
-- AGL
-- DLC
050 00 - LIBRARY OF CONGRESS CALL NUMBER
Classification number S591
Item number .B887 2011
070 0# - NATIONAL AGRICULTURAL LIBRARY CALL NUMBER
Classification number S591
Item number .B887 2011
082 00 - DEWEY DECIMAL CLASSIFICATION NUMBER
Classification number 631.4 SOI 2011
Edition number 22
245 00 - TITLE STATEMENT
Title Soil genesis and classification /
Statement of responsibility, etc. S.W. Buol ... [et al.].
250 ## - EDITION STATEMENT
Edition statement 6th ed.
260 ## - PUBLICATION, DISTRIBUTION, ETC.
Place of publication, distribution, etc. Chichester, West Sussex ;
-- Ames, Iowa :
Name of publisher, distributor, etc. Wiley-Blackwell,
Date of publication, distribution, etc. 2011.
300 ## - PHYSICAL DESCRIPTION
Extent xvi, 543 p., 12 p. of col. plates :
Other physical details ill., maps ;
Dimensions 25 cm.
504 ## - BIBLIOGRAPHY, ETC. NOTE
Bibliography, etc. note Includes bibliographical references and index.
650 #0 - SUBJECT ADDED ENTRY--TOPICAL TERM
Topical term or geographic name entry element Soil science.
9 (RLIN) 27607
650 #0 - SUBJECT ADDED ENTRY--TOPICAL TERM
Topical term or geographic name entry element Soil formation.
9 (RLIN) 32584
650 #0 - SUBJECT ADDED ENTRY--TOPICAL TERM
Topical term or geographic name entry element Soils
Form subdivision Classification.
9 (RLIN) 32585
700 1# - ADDED ENTRY--PERSONAL NAME
Personal name Buol, S. W.
9 (RLIN) 12937
906 ## - LOCAL DATA ELEMENT F, LDF (RLIN)
a 7
b cbc
c orignew
d 1
e ecip
f 20
g y-gencatlg
942 ## - ADDED ENTRY ELEMENTS (KOHA)
Source of classification or shelving scheme Dewey Decimal Classification
Koha item type Books like text book referance book
Suppress in OPAC No
Holdings
Withdrawn status Lost status Source of classification or shelving scheme Damaged status Not for loan Collection code Home library Current library Shelving location Date acquired Total Checkouts Full call number Barcode Date last seen Copy number Price effective from Koha item type
    Dewey Decimal Classification     Non-fiction Wondo Genet Library Wondo Genet Library General Stacks 03/10/2022   631.4 SOI 2011 WGCFNRL00013016 03/10/2022 1 03/10/2022 Books like text book referance book
    Dewey Decimal Classification       Wondo Genet Library Wondo Genet Library   03/31/2022   631.4 SOI 2011 WGCFNRL00015324 03/31/2022 2 03/31/2022 Books like text book referance book
    Dewey Decimal Classification     Reference Wondo Genet Library Wondo Genet Library General Stacks 03/31/2022   631.4 SOI 2011 WGCFNRL00016182 03/31/2022 3 03/31/2022 Books like text book referance book